Energetická únia už má jasno

Európsky parlament v septembri 2012 schválil Smernicu o energetickej efektívnosti, ktorá ukladá členským štátom EÚ opatrenia na zníženie spotreby energie o 20 percent do roku 2020, čím sa má ušetriť 50 mld. eur ročne. Úsporné opatrenia pre energetické podniky. Zvyšovanie efektívnosti v prenose a dis...

Full description

Saved in:
Bibliographic Details
Format: Book Chapter
Language:Slovak
Subjects:
Tags: Add Tag
No Tags, Be the first to tag this record!

MARC

LEADER 00000naa a2200000 4500
001 0162481
005 20231011123038.3
041 0 |a slo 
044 |a SK 
245 1 0 |a Energetická únia už má jasno 
520 |a Európsky parlament v septembri 2012 schválil Smernicu o energetickej efektívnosti, ktorá ukladá členským štátom EÚ opatrenia na zníženie spotreby energie o 20 percent do roku 2020, čím sa má ušetriť 50 mld. eur ročne. Úsporné opatrenia pre energetické podniky. Zvyšovanie efektívnosti v prenose a distribúcii. Národný fond energetickej efektívnosti. 
610 2 0 |a energia 
610 2 0 |a efektívnosť 
610 2 0 |a smernice 
610 2 0 |a Európska únia 
610 2 0 |a spotreba energie